| Tag |
First Indicator |
Second Indicator |
Subfields |
| LEADER |
00000camaa2200000 u 4500 |
| 001 |
in00005686113 |
| 005 |
20260212200051.6 |
| 006 |
m o d |
| 007 |
cr mn|---annan |
| 008 |
210908s2021 gw o ||| 0 ger d |
| 040 |
|
|
|a OAPEN
|b eng
|c OAPEN
|d OCLCL
|d OCLCQ
|d OCLCL
|
| 020 |
|
|
|a 9783837657395
|
| 020 |
|
|
|a 3837657396
|
| 020 |
|
|
|a 9783839457399
|
| 020 |
|
|
|a 3839457394
|
| 024 |
7 |
|
|a 10.14361/9783839457399
|2 doi
|
| 035 |
|
|
|a (OCoLC)1410131604
|
| 072 |
|
7 |
|a DSB
|2 bicssc
|
| 072 |
|
7 |
|a JFC
|2 bicssc
|
| 082 |
0 |
4 |
|a 320.01
|q OCoLC
|2 23/eng/20240417
|
| 049 |
|
|
|a TXAM
|
| 100 |
1 |
|
|a Frischmuth, Agatha.
|4 auth
|
| 245 |
1 |
0 |
|a Nichtstun als politische Praxis
|b Literarische Reflexionen von Untätigkeit in der Moderne.
|
| 260 |
|
|
|a Bielefeld
|b transcript Verlag
|c 2021.
|
| 300 |
|
|
|a 1 online resource (330 pages).
|
| 336 |
|
|
|a text
|b txt
|2 rdacontent
|
| 337 |
|
|
|a computer
|b c
|2 rdamedia
|
| 338 |
|
|
|a online resource
|b cr
|2 rdacarrier
|
| 490 |
0 |
|
|a Studien der Kulturwissenschaftlichen Gesellschaft
|v 1
|
| 520 |
|
|
|a In der Moderne gilt das Nichtstun gemeinhin als wertlos oder gefährlich. Im Gegensatz dazu betrachtet Agatha Frischmuth das Phänomen in einer völlig neuen Auslegung von Hannah Arendts Handlungsphilosophie als eine genuin politische Praxis, die die im westlichen Denken fest verankerte Binäropposition zwischen Handlung und Nichthandlung auflöst. Ihre literaturwissenschaftliche Studie zeigt in diskursanalytischen Lektüren der Romane von Robert Walser, Thomas Mann, Georges Perec und Mirosaw Nahacz Überraschendes auf: eine bisher ungeahnt enge Verknüpfung des Nichtstun-Motivs mit einer Sehnsucht nach Gemeinschaft und die Darstellung des Nichtstuns als uneigentliches Erzählen und Sprechen.
|
| 536 |
|
|
|a Ernst-Reuter-Gesellschaft der Freunde, Förderer und Ehemaligen der Freien Universität Berlin e.V.
|
| 536 |
|
|
|a Freie Universität Berlin
|
| 546 |
|
|
|a German.
|
| 650 |
|
7 |
|a Cultural studies.
|2 bicssc
|
| 650 |
|
7 |
|a Literary studies: general.
|2 bicssc
|
| 653 |
|
|
|a 20. Jahrhundert
|
| 653 |
|
|
|a 20th Century
|
| 653 |
|
|
|a 21. Jahrhundert
|
| 653 |
|
|
|a 21st Century
|
| 653 |
|
|
|a Agency
|
| 653 |
|
|
|a Allgemeine Literaturwissenschaft
|
| 653 |
|
|
|a Arbeit
|
| 653 |
|
|
|a Cultural Studies
|
| 653 |
|
|
|a Cultural Theory
|
| 653 |
|
|
|a Culture
|
| 653 |
|
|
|a Do Nothing
|
| 653 |
|
|
|a German Literature
|
| 653 |
|
|
|a Germanistik
|
| 653 |
|
|
|a Gesellschaft
|
| 653 |
|
|
|a Handlung
|
| 653 |
|
|
|a Handlungsphilosophie
|
| 653 |
|
|
|a Hannah Arendt
|
| 653 |
|
|
|a Kultur
|
| 653 |
|
|
|a Kulturtheorie
|
| 653 |
|
|
|a Kulturwissenschaft
|
| 653 |
|
|
|a Literary Studies
|
| 653 |
|
|
|a Literatur
|
| 653 |
|
|
|a Literature
|
| 653 |
|
|
|a Literaturwissenschaft
|
| 653 |
|
|
|a Moderne
|
| 653 |
|
|
|a Modernity
|
| 653 |
|
|
|a Nichthandlung
|
| 653 |
|
|
|a Nichtstun
|
| 653 |
|
|
|a Non-action
|
| 653 |
|
|
|a Philosophie
|
| 653 |
|
|
|a Philosophy
|
| 653 |
|
|
|a Philosophy of Action
|
| 653 |
|
|
|a Politics
|
| 653 |
|
|
|a Politik
|
| 653 |
|
|
|a Society
|
| 653 |
|
|
|a Work
|
| 655 |
|
7 |
|a Electronic books.
|2 local
|
| 710 |
2 |
|
|a Walter de Gruyter & Co.
|
| 758 |
|
|
|i has work:
|a Nichtstun als politische Praxis (Text)
|1 https://id.oclc.org/worldcat/entity/E39PCXWwRGxjgHtFXcDFyywBRq
|4 https://id.oclc.org/worldcat/ontology/hasWork
|
| 856 |
4 |
0 |
|u https://www.degruyterbrill.com/openurl?genre=book&isbn=9783839457399
|z Connect to the full text of this electronic book
|t 0
|
| 936 |
|
|
|a BATCHLOAD
|
| 955 |
|
|
|a De Gruyter Open Access ebooks
|
| 994 |
|
|
|a 92
|b TXA
|
| 999 |
f |
f |
|i c3235264-b945-4e1b-9184-a0759be8af58
|s e8579f13-9424-4dd7-a0a8-bc27ef159a26
|t 0
|
| 952 |
f |
f |
|a Texas A&M University
|b College Station
|c Electronic Resources
|s www_evans
|d Available Online
|t 0
|h Library of Congress classification
|
| 998 |
f |
f |
|t 0
|l Available Online
|